<?xml version="1.0" encoding="UTF-8"?>
<marc:record xmlns:marc="http://www.loc.gov/MARC21/slim">
   <marc:leader>00000nam a2200000 a 4500</marc:leader>
   <marc:datafield ind1="1" ind2=" " tag="100">
      <marc:subfield code="a">Gier, Kerstin</marc:subfield>
      <marc:subfield code="4">aut</marc:subfield>
      <marc:subfield code="e">Verfasser/-in</marc:subfield>
   </marc:datafield>
   <marc:datafield ind1="0" ind2="0" tag="245">
      <marc:subfield code="a">Die Mütter-Mafia</marc:subfield>
   </marc:datafield>
   <marc:datafield ind1="0" ind2="0" tag="245">
      <marc:subfield code="b">Roman</marc:subfield>
   </marc:datafield>
   <marc:datafield ind1="0" ind2="0" tag="245">
      <marc:subfield code="c">Kerstin Gier</marc:subfield>
   </marc:datafield>
   <marc:datafield ind1=" " ind2="1" tag="264">
      <marc:subfield code="a">Köln</marc:subfield>
      <marc:subfield code="b">Bastei Lübbe Taschenbuch</marc:subfield>
      <marc:subfield code="c">2014</marc:subfield>
   </marc:datafield>
   <marc:datafield ind1="1" ind2=" " tag="490">
      <marc:subfield code="a">Mütter-Mafia-Trilogie</marc:subfield>
      <marc:subfield code="v">1</marc:subfield>
   </marc:datafield>
   <marc:datafield ind1=" " ind2=" " tag="250">
      <marc:subfield code="a">Orig.-Ausg., 1. Aufl. in der Neugestaltung</marc:subfield>
   </marc:datafield>
   <marc:datafield ind1="1" ind2=" " tag="520">
      <marc:subfield code="a">Die Mütter-Mafia, gegründet von der etwas chaotischen Constanze und ihren Freundinnen gegen die elitären Super-Mütter einer Vorstadtsiedlung. Wer ihnen schon begegnet ist, den Vorzeige- und Übermüttern mit ihren "super-hochbegabten" Kindern, der wird sich über diese amüsante und unterhaltsame Abrechnung voller boshafter Seitenhiebe köstlich amüsieren können. In einer Vorstadtsiedlung beginnt für die verlassene Ehefrau Constanze das neue Leben mit ihren 2 Kindern (14 und 4 Jahre). Hier scheint die Welt noch in Ordnung. Die beschwerdefreudigen Nachbarn machen sofort ihre Aufwartung. Im Kindergarten gibt es jede Menge Beschäftigungsangebote der ortsansässigen Mütter-Society. Genau das Richtige für mich, denkt die unorganisierte, etwas chaotische Constanze, und wie toll müsste es erst sein, dort dazuzugehören. Doch noch eine allein Erziehende ist in diesem Elite-Verein (herrlich entlarvend die Home-Page und der Chat) nicht vorgesehen. Zum Glück gibt es Freundinnen und bald die Mütter-Mafia. Kerstin Gier ist wieder ein kurzweiliger Frauenroman gelungen, in dem natürlich auch eine Liebesgeschichte nicht fehlt. Einsetzbar wie die bisherigen Bücher der Autorin, zuletzt "Ein unmoralisches Sonderangebot" (BA 8/04). - Deutschland sucht die Super-Mami! Es gibt sie, die perfekten Mamis und Bilderbuch-Mütter, die sich nur über Kochrezepte, Klavierlehrer und Kinderfrauen austauschen. Doch eigentlich sind sie der Albtraum jeder Vorstadtsiedlung. Dagegen hilft nur eins. Sich zusammenrotten und eine kreative Gegenbewegung gründen: die "Mütter-Mafia"! Ab jetzt müssen sich alle braven Muttertiere warm anziehen. (Verlagstext)</marc:subfield>
   </marc:datafield>
   <marc:datafield ind1=" " ind2=" " tag="020">
      <marc:subfield code="a">9783404170319</marc:subfield>
      <marc:subfield code="9">9783404170319</marc:subfield>
   </marc:datafield>
   <marc:datafield ind1=" " ind2=" " tag="020">
      <marc:subfield code="a">3404170318</marc:subfield>
      <marc:subfield code="9">3404170318</marc:subfield>
   </marc:datafield>
   <marc:datafield ind1=" " ind2=" " tag="300">
      <marc:subfield code="a">383 S. : Ill., kart.</marc:subfield>
   </marc:datafield>
</marc:record>
